000 00271nam a2200097Ia 4500
001 680205
005 20250826161337.0
008 250824s9999 xx 000 0 und d
245 0 _aTAŞİ VE KRAL MEZARI
_cANNA FİENBERG, BARBARA FİENBERG
260 _bGÜNIŞIĞI KİTAPLIĞI
999 _c680205
_d680205